000 00248nam a2200097Ia 4500
008 230915s9999 xx 000 0 und d
050 _aQH308.2.S73 C.2
100 _aCECIE STARR
245 0 _aBIOLOGY: THE UNITY AND DIVERSITY OF LIFE
942 _cBK
999 _c192328
_d192328